000
00292nam a22001337a 4500
008
231013b ||||| |||| 00| 0 eng d
041
_a
eng
080
_a
94
082
_a
94AND
100
_a
28
101
_a
HISTORY
245
_a
A HISTORY OF THEIR OWN
_c
ANDERSON .S .B
942
_2
udc
_c
BK
999
_c
60451
_d
60451